Practical Advances in Petroleum Processing / (Record no. 2196)
[ view plain ]
| 000 -LEADER | |
|---|---|
| fixed length control field | 01596nac a22003251u 4500 |
| 008 - FIXED-LENGTH DATA ELEMENTS--GENERAL INFORMATION | |
| fixed length control field | 100930t xxu||||| |||| 00| 0 eng d |
| 010 ## - LIBRARY OF CONGRESS CONTROL NUMBER | |
| LC control number | 2005925505 |
| 020 ## - INTERNATIONAL STANDARD BOOK NUMBER | |
| International Standard Book Number | 0387258116 |
| 020 ## - INTERNATIONAL STANDARD BOOK NUMBER | |
| International Standard Book Number | 9780387258119 |
| 035 ## - SYSTEM CONTROL NUMBER | |
| System control number | (OCoLC)ocm65394040 |
| 082 00 - DEWEY DECIMAL CLASSIFICATION NUMBER | |
| Classification number | 665.5 |
| Item number | PRA |
| 245 00 - TITLE STATEMENT | |
| Title | Practical Advances in Petroleum Processing / |
| Statement of responsibility, etc | Edited by Chang S. Hsu and Paul R. Robinson. |
| 260 ## - PUBLICATION, DISTRIBUTION, ETC. (IMPRINT) | |
| Place of publication, distribution, etc | New York : |
| Name of publisher, distributor, etc | Springer, 2006 |
| Date of publication, distribution, etc | c2006. |
| 300 ## - PHYSICAL DESCRIPTION | |
| Extent | 2 v. : |
| Other physical details | ill. ; |
| Dimensions | 24 cm. |
| 500 ## - GENERAL NOTE | |
| General note | s222 |
| 504 ## - BIBLIOGRAPHY, ETC. NOTE | |
| Bibliography, etc | Includes bibliographical references and indexes. |
| 650 #0 - SUBJECT ADDED ENTRY--TOPICAL TERM | |
| Topical term or geographic name as entry element | Petroleum. |
| 9 (RLIN) | 19986 |
| 650 #0 - SUBJECT ADDED ENTRY--TOPICAL TERM | |
| Topical term or geographic name as entry element | Petroleum |
| General subdivision | Refining. |
| 9 (RLIN) | 19987 |
| 650 #0 - SUBJECT ADDED ENTRY--TOPICAL TERM | |
| Topical term or geographic name as entry element | Petroleum chemicals. |
| 9 (RLIN) | 19988 |
| 650 #0 - SUBJECT ADDED ENTRY--TOPICAL TERM | |
| Topical term or geographic name as entry element | Petroleum products. |
| 9 (RLIN) | 19989 |
| 653 ## - INDEX TERM--UNCONTROLLED | |
| Resource For college | |
| 700 1# - ADDED ENTRY--PERSONAL NAME | |
| Personal name | Hsu, Chang S. |
| 9 (RLIN) | 19990 |
| 700 1# - ADDED ENTRY--PERSONAL NAME | |
| Personal name | Robinson, Paul R. |
| 9 (RLIN) | 19991 |
| 856 42 - ELECTRONIC LOCATION AND ACCESS | |
| Materials specified | Publisher description |
| Uniform Resource Identifier | <a href="http://www.loc.gov/catdir/enhancements/fy0663/2005925505-d.html">http://www.loc.gov/catdir/enhancements/fy0663/2005925505-d.html</a> |
| 942 ## - ADDED ENTRY ELEMENTS (KOHA) | |
| Item type | Book - Borrowing |
| Call number prefix | 665.5 PRA |
| Source of classification or shelving scheme | Dewey Decimal Classification |
| Withdrawn status | Item status | Source of classification or shelving scheme | Damaged status | Not for loan | Vendor | Home library | Current library | Shelving location | Date acquired | Source of acquisition | Cost, normal purchase price | Total Checkouts | Total Renewals | Full call number | Barcode | Date last seen | Date last borrowed | Cost, replacement price | Koha item type | Public note | Serial Enumeration / chronology |
|---|---|---|---|---|---|---|---|---|---|---|---|---|---|---|---|---|---|---|---|---|---|
| Dewey Decimal Classification | Baccah | Central Library | Central Library | First floor | 07/02/2013 | 1700.00 | 2 | 15 | 665.5 PRA | 000002029 | 15/07/2025 | 27/09/2016 | 2125.00 | Book - Borrowing | V.1 | ||||||
| Dewey Decimal Classification | Baccah | Central Library | Central Library | First floor | 30/09/2010 | 1700.00 | 665.5 PRA | 000002028 | 15/07/2025 | 2125.00 | Book - Borrowing | V.2 | |||||||||
| Dewey Decimal Classification | Baccah | Central Library | Central Library | First floor | 17/05/2011 | 1700.00 | 1 | 1 | 665.5 PRA | 000023581 | 15/07/2025 | 19/11/2012 | 2125.00 | Book - Borrowing | v.1 | 12252 | |||||
| Dewey Decimal Classification | Baccah | Central Library | Central Library | First floor | 17/05/2011 | 1700.00 | 665.5 PRA | 000023582 | 15/07/2025 | 2125.00 | Book - Borrowing | v.2 | 12252 |